|
|
|
|
| LEADER |
00000nbm0a2200000 4500 |
| 001 |
142865 |
| 005 |
20231031142908.0 |
| 035 |
|
|
|a (RuTPU)RU\TPU\book\154826
|
| 090 |
|
|
|a 142865
|
| 100 |
|
|
|a 20080912d1967 k y0rusy50 ca
|
| 101 |
0 |
|
|a rus
|
| 102 |
|
|
|a RU
|
| 105 |
|
|
|a a m 001zy
|
| 200 |
1 |
|
|a Диэлектрические свойства твердых растворов системы KCl-KBr и особенности их радиационного изменения
|e Диссертация на соискание ученой степени кандидата физико-математических наук
|f В. А. Гришуков
|g Томский политехнический институт (ТПИ) ; науч. рук. Е. К. Завадовская
|
| 210 |
|
|
|a Томск
|d 1967
|
| 215 |
|
|
|a 157 л.
|c ил.
|
| 320 |
|
|
|a Библиогр.: с. 145-155 (248 назв.)
|
| 610 |
1 |
|
|a диссертации
|
| 610 |
1 |
|
|a твердые растворы
|
| 610 |
1 |
|
|a радиационные изменения
|
| 610 |
1 |
|
|a диэлектрические свойства
|
| 610 |
1 |
|
|a физика
|
| 610 |
1 |
|
|a щелочно-галоидные кристаллы
|
| 610 |
1 |
|
|a электропроводность
|
| 610 |
1 |
|
|a твердые тела
|
| 675 |
|
|
|a 539.29(04)
|v 3
|
| 700 |
|
1 |
|a Гришуков
|b В. А.
|
| 702 |
|
1 |
|a Завадовская
|b Е. К.
|c российский физик
|c профессор кафедры физики твердого тела ТПИ
|f 1913-2004
|g Екатерина Константиновна
|2 stltpush
|3 (RuTPU)RU\TPU\pers\19787
|4 727
|
| 712 |
0 |
2 |
|a Томский политехнический институт (ТПИ)
|c (1944-1991)
|2 stltpush
|3 (RuTPU)RU\TPU\col\1123
|
| 801 |
|
1 |
|a RU
|b 63413507
|c 20080912
|g PSBO
|
| 801 |
|
2 |
|a RU
|b 63413507
|c 20130624
|g RCR
|
| 942 |
|
|
|c BK
|